The four agreements / (Record no. 617439)

000 -LEADER
fixed length control field 00437nam a22001577a 4500
020 ## - INTERNATIONAL STANDARD BOOK NUMBER
International Standard Book Number 9781934408018
040 ## - CATALOGING SOURCE
Transcribing agency NUST
082 ## - DEWEY DECIMAL CLASSIFICATION NUMBER
Classification number 158.1,RUI
100 ## - MAIN ENTRY--PERSONAL NAME
Personal name Ruiz, Don Miguel
9 (RLIN) 134443
245 ## - TITLE STATEMENT
Title The four agreements /
Statement of responsibility, etc. Don Miguel Ruiz
260 ## - PUBLICATION, DISTRIBUTION, ETC.
Place of publication, distribution, etc. California
Name of publisher, distributor, etc. Amber-Allen
Date of publication, distribution, etc. 1997
300 ## - PHYSICAL DESCRIPTION
Extent 92.p.;
650 ## - SUBJECT ADDED ENTRY--TOPICAL TERM
Topical term or geographic name entry element Identifying
9 (RLIN) 134444
651 ## - SUBJECT ADDED ENTRY--GEOGRAPHIC NAME
Geographic name breaking free from self- limiting societal
9 (RLIN) 134445
942 ## - ADDED ENTRY ELEMENTS (KOHA)
Source of classification or shelving scheme
Koha item type Book
Call number prefix 155.1RUI
Holdings
Withdrawn status Lost status Source of classification or shelving scheme Damaged status Not for loan Permanent Location Current Location Shelving location Date acquired Total Checkouts Full call number Barcode Date last seen Price effective from Koha item type
          Military College of Signals (MCS) Military College of Signals (MCS) General Stacks 05/13/2026   158.1,RUI MCS38997 05/13/2026 05/13/2026 Book
© 2023 Central Library, National University of Sciences and Technology. All Rights Reserved.